| 000 | 00618cam a2200229 4500 | ||
|---|---|---|---|
| 999 |
_c4168 _d4168 |
||
| 001 | 60972 | ||
| 003 | OCoLC | ||
| 005 | 20181129160220.0 | ||
| 008 | 700331s1970 miua 000 0 eng | ||
| 010 | _a72095041 | ||
| 020 | _a0310306515 | ||
| 035 | _a(OCoLC)60972 | ||
| 040 |
_aDLC _cDLC _dOCL _dOCLCG _dAUW |
||
| 050 | 4 |
_aBV705 _b.P33 1970 |
|
| 082 |
_a254 _bP263U |
||
| 100 | 1 |
_aParrott, Leslie, _d1922- |
|
| 245 | 1 | 4 |
_aThe usher's manual; _ba spiritual and practical guidebook |
| 260 |
_aGrand Rapids, _bZondervan Pub. House _c[1970] |
||
| 300 |
_a64 p. _billus. _c21 cm |
||
| 650 | 0 | _aChurch ushers | |
| 942 |
_2ddc _cBK |
||